Cell Polarity 2 Role in Development and Disease /

This work provides a state-of-the art overview on the most relevant aspects of cell polarity. Volume 2 discusses the physiological and pathophysiological relevance of cell polarity. It especially focuses on pathophysiological conditions in which one or several aspects of cell polarity are impaired,...

Full description

Bibliographic Details
Corporate Author: SpringerLink (Online service)
Other Authors: Ebnet, Klaus (Editor)
Format: Electronic eBook
Language:English
Published: Cham : Springer International Publishing : Imprint: Springer, 2015.
Subjects:
Online Access:Full Text via HEAL-Link
LEADER 02873nam a22004815i 4500
001 978-3-319-14466-5
003 DE-He213
005 20151204174939.0
007 cr nn 008mamaa
008 150224s2015 gw | s |||| 0|eng d
020 |a 9783319144665  |9 978-3-319-14466-5 
024 7 |a 10.1007/978-3-319-14466-5  |2 doi 
040 |d GrThAP 
050 4 |a QH573-671 
072 7 |a PSF  |2 bicssc 
072 7 |a SCI049000  |2 bisacsh 
082 0 4 |a 571.6  |2 23 
245 1 0 |a Cell Polarity 2  |h [electronic resource] :  |b Role in Development and Disease /  |c edited by Klaus Ebnet. 
264 1 |a Cham :  |b Springer International Publishing :  |b Imprint: Springer,  |c 2015. 
300 |a VIII, 228 p. 30 illus., 17 illus. in color.  |b online resource. 
336 |a text  |b txt  |2 rdacontent 
337 |a computer  |b c  |2 rdamedia 
338 |a online resource  |b cr  |2 rdacarrier 
347 |a text file  |b PDF  |2 rda 
505 0 |a Cell Polarity in One-Cell C. elegans Embryos: Ensuring an Accurate and Precise Spatial Axis During Development -- Establishment and Maintenance of Cell Polarity in the C. elegans Intestine -- Apicobasal Polarity and Lumen Formation During Development -- Asymmetric Cell Division and Development of the Central Nervous System in Drosophila -- Polarity Control of Spindle Positioning in the C. elegans Embryo -- Par Proteins in Tumor Formation and Progression -- Cell Polarity: A Key Defence Mechanism Against Infection and Cancer Cell Invasion? Cell Polarity in Mammary Gland Morphogenesis and Breast Cancer -- Cellular Polarity and Pathogenicity. 
520 |a This work provides a state-of-the art overview on the most relevant aspects of cell polarity. Volume 2 discusses the physiological and pathophysiological relevance of cell polarity. It especially focuses on pathophysiological conditions in which one or several aspects of cell polarity are impaired, and in which a loss of cell polarity possibly contributes to disease (e.g. epithelial-to-mesenchymal transition in cancer, role of polarity proteins in cancer). Both volumes are intended for professors, group leaders and researchers in cell biology as well as for medical professionals working in anatomy, cell biology, physiology, pathology and tumor biology. 
650 0 |a Life sciences. 
650 0 |a Cancer research. 
650 0 |a Human physiology. 
650 0 |a Cell biology. 
650 0 |a Developmental biology. 
650 1 4 |a Life Sciences. 
650 2 4 |a Cell Biology. 
650 2 4 |a Developmental Biology. 
650 2 4 |a Cancer Research. 
650 2 4 |a Human Physiology. 
700 1 |a Ebnet, Klaus.  |e editor. 
710 2 |a SpringerLink (Online service) 
773 0 |t Springer eBooks 
776 0 8 |i Printed edition:  |z 9783319144658 
856 4 0 |u http://dx.doi.org/10.1007/978-3-319-14466-5  |z Full Text via HEAL-Link 
912 |a ZDB-2-SBL 
950 |a Biomedical and Life Sciences (Springer-11642)